header

Two Hippocratic treatises on sight and on anatomy (Record no. 38336)

MARC details
000 -LEADER
fixed length control field 01578nam a2200385 a 4500
082 04 - DEWEY DECIMAL CLASSIFICATION NUMBER
Classification number 610.938
245 00 - TITLE STATEMENT
Title Two Hippocratic treatises on sight and on anatomy
260 ## - PUBLICATION, DISTRIBUTION, ETC. (IMPRINT)
Place of publication Leiden ;
-- Boston :
Name of publisher Brill,
Year of publication 2006.
300 ## - PHYSICAL DESCRIPTION
Number of Pages viii, 183 p.
490 1# - SERIES STATEMENT
Series statement Studies in ancient medicine,
505 0# - FORMATTED CONTENTS NOTE
Formatted contents note pt. I. On sight -- pt. II. On anatomy.
650 #0 - SUBJECT ADDED ENTRY--TOPICAL TERM
Topical Term Medicine, Greek and Roman.
Topical Term Vision disorders
Topical Term Human anatomy
700 1# - ADDED ENTRY--PERSONAL NAME
Personal name Craik, Elizabeth M.
856 40 - ELECTRONIC LOCATION AND ACCESS
Uniform Resource Identifier http://site.ebrary.com/lib/rucke/Doc?id=10234816

No items available.

© 2026 Rongo University
Contact us: librarian | system librarian | Rongo university